| 000 | 01266cam a22003497a 4500 | ||
|---|---|---|---|
| 001 | 15009319 | ||
| 005 | 20170105102350.0 | ||
| 008 | 070917s2008 gw a b 001 0 eng | ||
| 010 | _a 2007937523 | ||
| 015 |
_aGBA814081 _2bnb |
||
| 016 | 7 |
_a014508810 _2Uk |
|
| 020 | _a9783540742463 (hbk.) | ||
| 020 | _a3540742468 (hbk.) | ||
| 035 | _a(OCoLC)ocn175285112 | ||
| 040 |
_aUKM _cUKM _dYDXCP _dBTCTA _dBAKER _dDLC |
||
| 042 | _alccopycat | ||
| 050 | 0 | 0 |
_aTK5102.9 _b.D5265 2008 |
| 082 | 0 | 4 |
_a621.38220151 _222 |
| 100 | 1 | _aDietrich, Frank A. | |
| 245 | 1 | 0 |
_aRobust signal processing for wireless communications _cFrank A. Dietrich. |
| 260 |
_aBerlin : _bSpringer, _cc2008. |
||
| 300 |
_axi, 280 p. : _bill. ; _c24 cm. |
||
| 440 | 0 |
_aFoundations in signal processing, communications and networking, _x1863-8538 ; _vv. 2 |
|
| 504 | _aIncludes bibliographical references (p. 261-273) and index. | ||
| 650 | 0 |
_aSignal processing _xMathematics. |
|
| 650 | 0 | _aWireless communication systems. | |
| 856 | 4 | 1 |
_3Table of contents _uhttp://www.loc.gov/catdir/toc/fy0804/2007937523.html |
| 906 |
_a7 _bcbc _ccopycat _d2 _encip _f20 _gy-gencatlg |
||
| 942 |
_2ddc _cBK |
||
| 999 |
_c11878 _d11878 |
||